1893 1940 1531 1291 1569 1630 1753 1892 1244 1390 1029 1193 1188 1144 1400 1923 1461 1179 1489 1450 1770 1062 1931 1549 1632 1108 1329 1004 1918 1563 1304 1611 1348 1758 1260 1896 1289 1553 1913 1393 1040 1205 1803 1886 1358 1037 1935 1427 1438 1121 1394 1729 1976 1902 1382 1432 1797 1792 1846 1320 1126 1866 1005 1345 1478 1142 1483 1554 1151 1346 1751 1957 1415 1148 1426 1464 1826 1614 1622 1276 1425 1971 1289 1367 1981 1975 1492 1279 1680 1168 1896 1658 1962 1554 1231 1682 1248 1565 1177 BCNSPRNW ULIB Ver.6.0+V

เปลี่ยนเป็นภาษาไทย

Change to English
 แสดงรายละเอียดบรรณานุกรม
  กลับหน้าหลัก

Brief Record : Get Marc (ISO 2709) : E-mail record : QR code < ปิดหน้าต่าง
LEADER : 00000nam 2200000uu 4500
001    13399112280
003     ULIB
008    110802s2552||||th 000 0 tha d
020    9786117014055
040    cl
050  4 HD58^bจ153ม 2552
100 0  จรวยพร ธรณินทร์,^d2491-
245 10 12 ไม้เด็ดสูตรสำเร็จข้าราชการ /^cจรวยพร ธรณินทร์ เขียน
250    พิมพ์ครั้งที่ 1
260    กรุงเทพฯ :^bอินสปายร์,^c2552
300    364 หน้า :^bภาพประกอบ ;^c21 ซม.
600 07 จรวยพร ธรณินทร์,^d2491-
650  4 ผู้บริหาร
650  4 นักบริหาร
650  4 การบริหาร
945    ^p225^l0^i026472
995    ทศพร
999 ^a ทศพร
รายการนี้ยังไม่มีแท็ก
คุณยังไม่ได้ล็อกอิน คุณสามารถมีกิจกรรมร่วมกับเว็บไซต์ได้ แต่ต้องล็อกอินก่อน ::
  ล็อกอิน

รายการสื่อสารสนเทศ

ลำดับที่ ประเภท เลขเรียก/บาร์โค้ด สถานที่ สถานะ
1. การศึกษาทั่วไป
การศึกษาทั่วไป
HD58 จ153ม 2552 ฉ.1 
  Barcode: 026472
ห้องสมุดวิทยาเขตนครสวรรค์
►หนังสือทั่วไป:l:General Books
บนชั้น

รายการใกล้เคียง
    หัวเรื่อง [ผู้บริหาร]
    หัวเรื่อง [นักบริหาร]
    หัวเรื่อง [การบริหาร]

BibComment


ยังไม่เคยถูกคอมเมนท์

คอมเมนท์ทรัพยากรรายการนี้
  คอมเมนท์: 12 ไม้เด็ดสูตรสำเ..


 Copyright 2026. Bcnsprnw @Library